000 nam a22 7a 4500
999 _c259237
_d259237
003 IT-MiCISF
008 161229b xxu||||| |||| 00| 0 eng d
040 _cIT-MiCISF
041 _ait
100 _aScholé
_956130
245 _aLa famiglia e l'educazione: nuovi scenari storici e pedagogici
260 _aBrescia
_bLa Scuola
_c2016
300 _app. 186
500 _aeducazione, famiglia, cambiamenti-famiglia, società, scuola, educazione-familiare, tempo-libero, massmedia
520 _aLa situazione nella quale si trova la famiglia nel mondo contemporaneo è paradossale. Per un verso sta in cima ai desideri di tutti, ma nella sfera dei desideri e comunque strettamente personale, e per l’altro verso, quello più pubblico, è tra le istituzioni più indebolite, dimenticate e comunque sfruttate. È perciò indispensabile ritornare a riflettere, a pensare a tutto tondo questa dimensione centrale della società umana, qual è la famiglia, senza la quale la stessa società viene come scossa nelle sue fondamenta. Il tema centrale è che la famiglia vera, quella concreta, sta attraversando una crisi a tal punto grave che i suoi membri più deboli possono morire appunto per mancanza di protezione. È urgente ritrovare un nuovo orizzonte in cui ridisegnare la vocazione e la missione della famiglia. Si tratta insomma di ridare alla famiglia la centralità che le spetta, senza farne l’idolo della propria vita, ma neppure riducendola ad un sentimento vago ove solo l’Io ha peso e valore.
650 _aeducazione
_956062
654 _aatti
700 _aPazzaglia L.
_aPaglia V.
_aPati L.
_aGili G.
_aBazoli G.
_aBartolini A.
_aBenetton M.
_aBertagna G.
_aBobbio A.
_aKaiser A.
_aLaneve C.
_aMari G.
_aNobile A.
_aNosari S.
_aPalazzini C.
_aPesci F.
_aRomano R.G.
_aSerafini G.
_aSimeone D.
_956131
942 _2ddc
_cBK